Bravantice v proměnách času /

Hlavní autor: Rosová, Romana, 1972-
Další autoři: Šustková, Věra, 1968-
Jazyk: Němčina
Čeština
Angličtina
Vydáno: Bravantice : obec Bravantice, 2020
Vydání: Vydání: první
Témata:
Fyzický popis: 120 stran : ilustrace (některé barevné), portréty, faksimile, erby ; 31 cm
Language note: Částečně souběžný anglický a německý text
Knihy
Uloženo v:
LEADER 01845nam a2200505 i 4500
001 nkc20203265755
003 CZ PrNK
005 20240403115521.0
007 ta
008 201123s2020 xr achie 000 0 cze
015 |a cnb003265755 
020 |a 978-80-270-8841-6  |q (vázáno) 
035 |a (OCoLC)1433648812 
040 |a BOA001  |b cze  |d ABA001  |e rda 
041 1 |a cze  |a eng  |a ger  |h cze 
043 |a e-xr---  |b e-xr-mo  |2 czenas 
072 7 |a 908(437)  |x Vlastivěda Česka a Slovenska  |2 Konspekt  |9 8 
080 |a 908(437.326)  |2 MRF 
080 |a (437.326)  |2 MRF 
080 |a (048.8)  |2 MRF 
080 |a (084.12)  |2 MRF 
100 1 |a Rosová, Romana,  |d 1972-  |7 mzk2011665547  |4 aut  |4 trl 
245 1 0 |a Bravantice v proměnách času /  |c Romana Rosová, Věra Šustková 
250 |a Vydání: první 
264 1 |a Bravantice :  |b obec Bravantice,  |c 2020 
300 |a 120 stran :  |b ilustrace (některé barevné), portréty, faksimile, erby ;  |c 31 cm 
336 |a text  |b txt  |2 rdacontent 
336 |a statický obraz  |b sti  |2 rdacontent 
337 |a bez média  |b n  |2 rdamedia 
338 |a svazek  |b nc  |2 rdacarrier 
500 |a Chronologický přehled 
500 |a 500 výtisků 
546 |a Částečně souběžný anglický a německý text 
651 7 |a Bravantice (Česko)  |7 ge333528  |x vlastivěda a dějiny  |2 czenas 
651 9 |a Bravantice (Czechia)  |x local history and geography  |2 eczenas 
655 7 |a monografie  |7 fd132842  |2 czenas 
655 7 |a fotografické publikace  |7 fd132276  |2 czenas 
655 9 |a monographs  |2 eczenas 
655 9 |a photographical works  |2 eczenas 
700 1 |a Šustková, Věra,  |d 1968-  |7 osa20201064982  |4 aut  |4 trl 
910 2 |a BOA001  |b 4-1512.601 
990 |a BK 
995 |a 01 
991 |b 202309  |c NOV 
996 6 |b 2610948474  |c 4-1512.601  |l MZK  |r Sklad / do 1 hodiny  |n 0  |p p.v.  |w 001938775  |u 000010  |a 1  |e BOA001  |j MZK50  |s P